000 00550nam a2200205Ia 4500
001 15229
003 GE_BSU
008 181216s||||||||xx |||||||||||||| ||und||
040 _cGE_BSU
080 _a821.353.1-31
100 _aშენგელაია,დემნა
245 _aცისკარი.
245 _cრედ.დ.ბენაშვილი
260 _aთბილისი
260 _bფედერაცია
260 _c1940
300 _a142გვ.23სმ.
653 _aცისკარი
942 _cBK
999 _c48341
_d48341